| 000 | 00803nam a22002177a 4500 | ||
|---|---|---|---|
| 999 |
_c13161 _d13161 |
||
| 003 | AR-CdUCM | ||
| 008 | 190411b ||||| |||| 00| 0 spa d | ||
| 040 |
_aMUNICIPALIDAD PROVINCIAL DEL CUSCO _cBIBLIOTECA MUNICIPAL DEL CUSCO |
||
| 082 |
_a345.72 / _bP116 /1949 |
||
| 100 |
_aPacheco Medina, Miguel _926322 |
||
| 245 | _aLa reconvención en la jurisprudencia peruana / | ||
| 260 |
_aLima : _bMédica Peruana, _c1949. |
||
| 300 |
_a52 páginas ; _c24 cm. |
||
| 505 | _aContenido: La reconvención en el juicio ordinario -- La reconvención en el juicio ejecutivo -- La reconvención en el juicio sumario. | ||
| 650 |
_aReconvención _931386 |
||
| 650 |
_aDerecho procesal civil _927080 |
||
| 650 |
_aJurisprudencia _9927 |
||
| 650 |
_aPerú _935 |
||
| 942 |
_2ddc _cLIBROS |
||
| 945 |
_acmm _d2019-04-11 |
||